| 000 | 02560cam a22005774i 4500 | ||
|---|---|---|---|
| 003 | PE-LiUPU | ||
| 005 | 20250731173042.0 | ||
| 008 | 150219s2015 txu rb 001 0 eng | ||
| 020 | _a1602586780 | ||
| 020 | _a9781602586789 | ||
| 024 | 8 | _a40025365258 | |
| 035 | _a(Sirsi) i9781602586789 | ||
| 035 |
_a(OCoLC)903812783 _z(OCoLC)908707753 _z(OCoLC)930016931 |
||
| 040 |
_aDLC _beng _erda _cDLC _dYDX _dOCLCF _dYDXCP _dBDX _dBTCTA _dCOO _dZCU _dWIO _dDTM _dPUL _dGGB _dHNW _dNLE _dYUS _dNZABT _dOCLCQ _dPE-LiUPU |
||
| 041 | 1 |
_aeng _aheb _hheb |
|
| 049 | _aPRUA | ||
| 050 | 0 | 0 |
_aBS1375.52 _b.H65 2015 |
| 082 | 0 | 4 |
_a222.90446 _bS31 _223 |
| 100 | 1 |
_aScrenock, John, _eautor. |
|
| 245 | 1 | 0 |
_aEsther : _ba handbook on the Hebrew text / _cJohn Screnock, Robert D. Holmstedt. |
| 264 | 1 |
_aWaco, Texas : _bBaylor University Press, _c2015. |
|
| 300 |
_avii, 295 páginas ; _c21 centímetros. |
||
| 336 |
_atext _2rdacontent |
||
| 337 |
_aunmediated _2rdamedia |
||
| 338 |
_avolume _2rdacarrier |
||
| 490 | 1 | _aBaylor handbook on the Hebrew Bible | |
| 504 | _aBibliografía : páginas 281-291. | ||
| 504 | _aIndice : páginas 293-295. | ||
| 505 | 0 | _aEsther becomes Queen of Persia (1:1-2:23) -- Vashti's downfall (1:1-22) -- Esther is chosen as Queen (2:1-23) -- Haman and Mordecai in conflict -- The rise of Haman (3:1-15) --Mordecai's response (4:1-17) -- Esther's plan (5:1-8) -- Haman's plan implodes (5:9-6:14) -- The end of Haman (7:1-10) -- The Jews and the people in conflict (8:1-9:32) -- A plan to save the Jews (8:1-17) -- The Jews prevail (9:1-19) -- The Jews' victory commemorated and reprised (9:20-32) -- Epilogue (10:1-3). | |
| 526 | _aSEG42 | ||
| 526 | _aSEG41 | ||
| 526 | _aSEG40 | ||
| 526 | _aSEG39 | ||
| 526 | _aP94 | ||
| 526 | _aP87 | ||
| 526 | _aP86 | ||
| 526 | _aP85 | ||
| 526 | _aP77 | ||
| 526 | _aP76 | ||
| 526 | _aP35 | ||
| 650 | 0 | 4 |
_aBible. _pEsther - Crítica, interpretación, etc. |
| 650 | 0 | 4 |
_aBible. _pEsther - Criticism, Interpretation, etc. |
| 700 | 1 |
_aHolmstedt, Robert D., _eco-author. |
|
| 910 |
_adbm _bncf _cncf _d20171221 |
||
| 942 |
_2ddc _cBOOK |
||
| 949 |
_a222.90446 S31 _wDEWEY _c1 _i77679 _lCATALOGING _mBUL _p27.97 _r0 _sY _tBOOK _u2017-12-21 _xPOSGRADO _PP85 _0COMPRA _o.STAFF. Colección Teología. |
||
| 994 |
_aC0 _bPEPRU |
||
| 596 | _a1 | ||
| 999 |
_a222.90446 S31 _wDEWEY _c26341 _i77679 _f2021-11-9 _g4 _lCCODEBUL1 _mBUL _p27.97 _r0 _sY _tBOOK _u2017-12-21 _xTEOLOGIA _PP85 _0DONACION _o.STAFF. Colección Teología. _d26341 |
||
| 980 |
_81 _gALBERTO SANCHEZ Responsable de Automatización |
||